Ciencias biológicas (Registro nro. 19687)
[ vista simple ]
| 000 -CABECERA | |
|---|---|
| Campo de control | 00699nas a2200229 i 4500 |
| 005 - FECHA Y HORA DE LA ULTIMA TRANSACCION | |
| Campo de control | 20170628144345.0 |
| 008 - ELEMENTOS DE LONGITUD FIJA—INFORMACION GENERAL | |
| Campo de control | 131127c19779999cu fr p 0 a0spa d |
| 022 ## - ISSN | |
| ISSN | 0138-7154 |
| 040 ## - FUENTE DE CATALOGACIÓN | |
| Agencia catalogadora original | UkOxU |
| Agencia transcriptora | UkOxU |
| Agencia Modificadora | CO-BoIAVH |
| 041 0# - IDIOMA | |
| Código de idioma para texto/pista de sonido o título separado | Español |
| 044 ## - PAÍS DE PUBLICACIÓN | |
| País de publicación | Colombia |
| 090 ## - CLASIFICACIÓN LOCAL | |
| Colección | SE |
| 245 00 - MENCION DE TITULO | |
| Título | Ciencias biológicas |
| 260 ## - PUBLICACION, DISTRIBUCION, ETC. (PIE DE IMPRENTA) | |
| Lugar de publicación, distribución, etc. | La Habana (Cuba) : |
| Nombre del editor, distribuidor, etc. | Academia de Ciencias de Cuba, |
| Fecha de publicación, distribución, etc. | 1977-. |
| 300 ## - DESCRIPCION FISICA | |
| Otros detalles físicos | ilustraciones ; |
| Dimensiones | 25 x 20 cm |
| 310 ## - FRECUENCIA ACTUAL DE LA PUBLICACIÓN | |
| Frecuencia actual de la publicación | Semestral |
| 546 ## - NOTA DE IDIOMA | |
| Nota de idioma | Resúmenes en inglés. |
| 650 26 - ASIENTO SECUNDARIO DE MATERIA - TERMINO TEMATICO | |
| Término temático o nombre geográfico como elemento de entrada | Biología |
| Subdivisión geográfica | Cuba |
| Subdivisión de forma | Publicaciones periódicas |
| 9 (RLIN) | 82262 |
| 650 26 - ASIENTO SECUNDARIO DE MATERIA - TERMINO TEMATICO | |
| Término temático o nombre geográfico como elemento de entrada | Ciencias biológicas |
| Subdivisión geográfica | Cuba |
| Subdivisión de forma | Publicaciones periódicas |
| 9 (RLIN) | 82263 |
| 710 2# - ASIENTO SECUNDARIO - NOMBRE CORPORATIVO | |
| Nombre corporativo o de jurisdicción como elemento de entrada | Academia de Ciencias de Cuba |
| 9 (RLIN) | 82264 |
| 942 ## - ELEMENTOS ADICIONALES (KOHA) | |
| Sistema de clasificación | Local |
| Tipo de ítem | Periodica o revista |
| Serial record | 1 |
| Withdrawn status | Lost status | Sistema de Clasificación | Damaged status | No para préstamo | Colección | Fecha publicación (Año) | Número revista | Inventariado | Ubicación Permanente | Ubicación actual | Fecha de adquisición | Datos de publicación Seriada | Total Checkouts | Número topográfico | Inventario / Código de Barras | Date last seen | Ejemplar | Price effective from | Forma de adquisición | Tipo de material |
|---|---|---|---|---|---|---|---|---|---|---|---|---|---|---|---|---|---|---|---|---|
| Local | Hemeroteca | 1991 | 24 | Inventariado 2017 | Bogotá | Bogotá | 28/06/2017 | Número 24 | SE | 041512 | 28/06/2017 | Ej. 1 | 28/06/2017 | Donación | Periodica o revista | |||||
| Local | Hemeroteca | 1987 | 17 | Inventariado 2017 | Bogotá | Bogotá | 28/06/2017 | Número 17 | SE | 041508 | 28/06/2017 | Ej. 1 | 28/06/2017 | Donación | Periodica o revista | |||||
| Local | Hemeroteca | 1987 | 18 | Inventariado 2017 | Bogotá | Bogotá | 28/06/2017 | Número 18 | SE | 041509 | 28/06/2017 | Ej. 1 | 28/06/2017 | Donación | Periodica o revista | |||||
| Local | Hemeroteca | 1994 | 26 | Inventariado 2017 | Bogotá | Bogotá | 28/06/2017 | Número 26 | SE | 041513 | 28/06/2017 | Ej. 1 | 28/06/2017 | Donación | Periodica o revista | |||||
| Local | Hemeroteca | 1994 | 27 | Inventariado 2017 | Bogotá | Bogotá | 28/06/2017 | Número 27 | SE | 041514 | 28/06/2017 | Ej. 1 | 28/06/2017 | Donación | Periodica o revista | |||||
| Local | Hemeroteca | 1990 | 23 | Inventariado 2017 | Bogotá | Bogotá | 28/06/2017 | Número 23 | SE | 041511 | 28/06/2017 | Ej. 1 | 28/06/2017 | Donación | Periodica o revista | |||||
| Local | Hemeroteca | 1989 | 21-22 | Inventariado 2017 | Bogotá | Bogotá | 28/06/2017 | Números 21-22 | SE | 041510 | 28/06/2017 | Ej. 1 | 28/06/2017 | Donación | Periodica o revista |